000 00524nam a2200181Ia 4500
005 20250326141857.0
008 250326s9999 xx 000 0 und d
037 _aTextbook
040 _aFMSL
_beng
_cFMSL
041 _aeng
_2eng
084 _aSNIobX:8y7 M7
_qFMSL
100 _aRao M Gangadhar
_9433021
245 0 _aOrganizational behaviour :Text and cases
_cRao M Gangadhar
260 _aDelhi
_bDelhi, Konark
_c1987
300 _axiv,567
942 _cTB
_hSNIobX:8y7 M7
999 _c1292408
_d1292408